[Event "1st Alexandr Buslaev Mem"]
[Site "Tbilisi GEO"]
[Date "2007.04.07"]
[Round "7"]
[White "Khotenashvili,B"]
[Black "Gasparian,T"]
[Result "0-1"]
[WhiteElo "2301"]
[BlackElo "2204"]

1.Nf3 d5 2.c4 e6 3.g3 Nf6 4.Bg2 Be7 5.d4 O-O 6.Nc3 Nbd7 7.O-O dxc4 8.e4 c5
9.Qe2 cxd4 10.Nxd4 Ne5 11.Rd1 Nd3 12.Be3 e5 13.Nf3 Qa5 14.Qc2 Bb4 15.Ne2 Ng4
16.Nd2 Nxe3 17.fxe3 Be6 18.b3 b5 19.bxc4 bxc4 20.Nxc4 Bxc4 21.Qxc4 Nb2  0-1

[Event "FSIMB April"]
[Site "Budapest HUN"]
[Date "2007.04.08"]
[Round "2"]
[White "Ignacz,M"]
[Black "Lengyel,B"]
[Result "1-0"]
[WhiteElo "2238"]
[BlackElo "2324"]

1.d4 d5 2.c4 e6 3.Nf3 Nf6 4.g3 Be7 5.Bg2 O-O 6.O-O dxc4 7.Qc2 a6 8.Qxc4 b5
9.Qc2 Bb7 10.Bg5 Be4 11.Qc1 Nbd7 12.Nbd2 Bd5 13.Nb3 Rc8 14.Nc5 Nxc5 15.dxc5 Ne4
16.Be3 f5 17.Rd1 c6 18.b4 Bf6 19.Bd4 Qe8 20.Qb2 Qh5 21.a4 Rf7 22.axb5 axb5
23.Ra6 f4 24.Rda1 fxg3 25.hxg3 Qf5 26.Bxf6 gxf6 27.Qd4 Qh5 28.Ra7 Rcf8 29.Rxf7 Rxf7
30.Ra8+ Kg7 31.Qe3 Rd7 32.Nd4 Qe5 33.f4  1-0

[Event "II Rapid"]
[Site "Canada de Calatrava ESP"]
[Date "2007.04.08"]
[Round "8"]
[White "Grischuk,A"]
[Black "Zubov,A UKR"]
[Result "1-0"]
[WhiteElo "2717"]
[BlackElo "2542"]

1.d4 Nf6 2.c4 e6 3.g3 d5 4.Bg2 Be7 5.Nf3 O-O 6.O-O dxc4 7.Qc2 a6 8.Qxc4 b5
9.Qc2 Bb7 10.Bd2 Be4 11.Qc1 Nbd7 12.Ba5 Ra7 13.Qe3 Qa8 14.Nbd2 Bd5 15.Rfc1 Bd6
16.Bh3 Rc8 17.b4 Bf8 18.Rc2 Ne4 19.Rac1 Nxd2 20.Nxd2 f5 21.Qd3 Nf6 22.f3 g6
23.Bg2 Bh6 24.e3 Qb8 25.Rd1 Rd8 26.e4 fxe4 27.fxe4 Ba8 28.Nb3 Re8 29.Nc5 c6
30.Rf1 Bg7 31.Bh3 Rae7 32.Rcf2 Nd7 33.e5 Nxc5 34.bxc5 Rd7 35.Qe4 b4 36.Bb6 Qc8
37.Bg4 a5 38.h4 Bb7 39.h5 Ba6 40.hxg6 Bxf1 41.Rxf1 Rde7 42.Bxa5 Rf8 43.Rxf8+ Bxf8
44.Bxb4 Rg7 45.gxh7+ Kh8 46.Kg2 Qd7 47.a3 Rxh7 48.Bf3 Qg7 49.Bd2 Qb7 50.Bb4 Qg7
51.Qf4 Be7 52.Bd2 Rh4 53.Qe3 Qg6 54.a4 Rh7 55.Be4 Qf7 56.Bxh7 Kxh7 57.Qe4+ Kg8
58.a5 Qe8 59.Qg4+ Kh7 60.Qxe6  1-0

[Event "II Rapid"]
[Site "Canada de Calatrava ESP"]
[Date "2007.04.08"]
[Round "8"]
[White "Ubilava,E"]
[Black "Karpov,Ana"]
[Result "1/2-1/2"]
[WhiteElo "2528"]
[BlackElo "2668"]

1.d4 Nf6 2.c4 e6 3.g3 d5 4.Nf3 Be7 5.Bg2 O-O 6.O-O dxc4 7.Qa4 a6 8.Qxc4 b5
9.Qc2 Bb7 10.Bd2 Be4 11.Qc1 Bb7 12.Bf4 Nd5 13.Nc3 Nxf4 14.Qxf4 c5 15.dxc5 Bxc5
16.Ng5 Qb6 17.Bxb7 Qxb7 18.Rfd1 Be7 19.Rd3 Nd7 20.Rad1 Bxg5 21.Qxg5 Nf6 22.Qe5 Rac8
23.Rd4 h6 24.a3 Rfe8 25.h3 Rc6 26.Ne4 Nxe4 27.Qxe4 Qb6 28.Rd7 Rf8 29.e3 Qc5
30.Qd4 Qf5 31.Kg2 Rc2 32.e4 Qg5 33.Rd2 Rfc8 34.Rd8+ Rxd8 35.Qxd8+ Qxd8 36.Rxd8+  1/2-1/2

[Event "8th ch-Euro"]
[Site "Dresden GER"]
[Date "2007.04.08"]
[Round "6"]
[White "Damljanovic,B"]
[Black "Sanikidze,T"]
[Result "1/2-1/2"]
[WhiteElo "2590"]
[BlackElo "2446"]

1.Nf3 Nf6 2.d4 d5 3.c4 e6 4.g3 Be7 5.Bg2 O-O 6.O-O dxc4 7.Qc2 a6 8.Qxc4 b5
9.Qc2 Bb7 10.Bf4 Nc6 11.Rd1 Nb4 12.Qc1 Rc8 13.Nc3 Nbd5 14.Nxd5 Nxd5 15.Bg5 f6
16.Be3 Qe8 17.Ne1 c5 18.dxc5 Nxe3 19.Bxb7 Nxd1 20.Bxc8 Qxc8 21.Qxd1 Qxc5
22.Rc1 Qb6 23.Nd3 Rd8 24.Qb3 Kf7 25.Rc3 Bd6 26.Qc2 Rd7 27.Rc6 Qb7 28.b3 g6
29.a4 bxa4 30.bxa4 Ke7 31.Qc4 Rc7 32.Rxc7+ Bxc7 33.Qh4 h5 34.Qc4 Bd6 35.h4 Kd7
36.g4 Qc6 37.Qd4 e5 38.Qa7+ Ke6 39.gxh5 gxh5 40.Qh7 Qxa4 41.Qxh5 a5 42.f4 exf4
43.Qg4+ Kf7 44.Qh5+ Ke6  1/2-1/2

[Event "8th ch-Euro"]
[Site "Dresden GER"]
[Date "2007.04.08"]
[Round "6"]
[White "Popov,Val"]
[Black "Polak,T"]
[Result "1/2-1/2"]
[WhiteElo "2590"]
[BlackElo "2500"]

1.d4 Nf6 2.Nf3 e6 3.g3 d5 4.Bg2 Be7 5.c4 O-O 6.O-O c6 7.Nbd2 Nbd7 8.Qc2 b6
9.e4 Bb7 10.b3 Rc8 11.Bb2 Qc7 12.Rad1 Qb8 13.Rfe1 Rfd8 14.Qb1 Qa8 15.Ne5 Nxe5
16.dxe5 Nxe4 17.Nxe4 dxe4 18.Qxe4 Rc7 19.Qe2 c5 20.Rxd8+ Qxd8 21.Bxb7 Rxb7
22.Rd1 Rd7 23.Rxd7 Qxd7 24.h4 h5 25.Bc3 g6 26.Qf3 Bf8 27.Kf1 Bh6 28.Qa8+ Kh7
29.Ke2 b5 30.Qe4 b4 31.Be1 Qc8 32.f4 Qa6 33.Qc2 Bf8 34.Kd1 Be7 35.Qg2 Kg7
36.Kc1 f5 37.Kb1 Qc8 38.a4  1/2-1/2

[Event "8th ch-Euro"]
[Site "Dresden GER"]
[Date "2007.04.08"]
[Round "6"]
[White "Zueger,B"]
[Black "Yaksin,O"]
[Result "1-0"]
[WhiteElo "2415"]
[BlackElo "2258"]

1.d4 d5 2.c4 e6 3.Nf3 Nf6 4.g3 Be7 5.Bg2 O-O 6.Nbd2 c6 7.Qc2 Nbd7 8.e4 dxe4
9.Nxe4 Nxe4 10.Qxe4 c5 11.O-O Nf6 12.Qe2 cxd4 13.Rd1 Bc5 14.b4 Bxb4 15.Bb2 e5
16.Qxe5 Qe7 17.Bxd4 Be6 18.c5 Rac8 19.Rac1 Rc7 20.Ng5 Bxa2 21.Qf5 Re8 22.Bxf6 Qxf6
23.Qxh7+ Kf8 24.Qh8+ Ke7 25.Qh4 a5 26.Bd5 Bxd5 27.Rxd5 Qh6 28.Re5+ Kf8 29.Nh7+ Kg8
30.Nf6+  1-0

[Event "ch-Catalonia"]
[Site "Barcelona ESP"]
[Date "2007.04.09"]
[Round "9"]
[White "Perez Calahorra,R"]
[Black "Fernandez Gonzalez,J"]
[Result "1/2-1/2"]
[WhiteElo "2136"]
[BlackElo "2072"]

1.d4 d5 2.c4 e6 3.g3 Nf6 4.Bg2 Be7 5.Nf3 c6 6.O-O Nbd7 7.b3 O-O 8.Nc3 b6
9.Bf4 Nh5 10.Bd2 Bb7 11.Re1 Nhf6 12.Qc2 c5 13.Rad1 Ne4 14.Nxe4 dxe4 15.Ne5 cxd4
16.Nxd7 Qxd7 17.Bxe4 f5 18.Bxb7 Qxb7 19.e3 dxe3 20.Rxe3 f4 21.Rxe6 fxg3 22.hxg3 Rxf2
23.Kxf2 Bc5+ 24.Be3 Qf7+ 25.Kg2 Qxe6 26.Bxc5 bxc5 27.Qd3 Re8 28.Qd5 Qxd5+
29.cxd5 Rd8 30.Kf3 Kf7 31.Ke4 Re8+ 32.Kf5 g6+ 33.Kf4 Kf6 34.d6 h6 35.d7 Rd8
36.Rd6+ Kf7 37.Ke5 h5 38.Rf6+ Kg7 39.Rd6 Kf7 40.Kf4 a5 41.a4 Ke7 42.Rd5 Ke6
43.Rxc5 Rxd7 44.Rxa5 Rd4+ 45.Ke3 Rb4 46.Rb5 Rxb5 47.axb5 g5 48.b6 Kd6  1/2-1/2

[Event "45th Doeberl Cup"]
[Site "Canberra AUS"]
[Date "2007.04.09"]
[Round "7"]
[White "Mikhalevski,V"]
[Black "Rogers,I"]
[Result "0-1"]
[WhiteElo "2590"]
[BlackElo "2526"]

1.d4 Nf6 2.c4 e6 3.g3 d5 4.Bg2 Be7 5.Nf3 O-O 6.O-O c6 7.Qc2 Nbd7 8.b3 b6
9.Rd1 Ba6 10.Nbd2 Rc8 11.e4 c5 12.exd5 exd5 13.Bb2 cxd4 14.Nxd4 b5 15.Nf5 Bc5
16.Qc3 bxc4 17.b4 Be7 18.Nxe7+ Qxe7 19.Bxd5 Nb6 20.Ne4 Nbxd5 21.Rxd5 Qxe4
22.Rg5 Rc6 23.b5 Bxb5 24.Rxb5 Re8 25.Rd1 h6 26.Rbd5 Rb6 27.R5d4 Qf5 28.Rxc4 Re2
29.Rf4 Qg6 30.Qc8+ Kh7 31.Bxf6 Rxf6 32.Qc4 Rxf4 33.Qxe2 Rb4 34.Qd3 Qxd3 35.Rxd3 Ra4
36.a3 g5 37.h3 h5 38.Rd5 Kg6 39.h4 gxh4 40.gxh4 f6 41.Kg2 Rxa3 42.f4 a5 43.f5+ Kf7
44.Rd7+ Kf8 45.Ra7 a4 46.Kf2 Ra1 47.Kg2 a3 48.Ra6 Ke7 49.Re6+ Kf7 50.Ra6 a2
51.Ra7+ Ke8 52.Kh2 Kd8 53.Kg2 Kc8 54.Kh2 Kb8 55.Ra3 Kb7 56.Rb3+ Kc6 57.Rc3+ Kd5
58.Ra3 Ke4 59.Ra5 Kf4 60.Kg2 Kg4 61.Kh2 Kxh4 62.Kg2 Kg4 63.Kh2 h4 64.Kg2 h3+
65.Kh2 Kf4  0-1

[Event "8th ch-Euro"]
[Site "Dresden GER"]
[Date "2007.04.09"]
[Round "7"]
[White "Kozul,Z"]
[Black "Baramidze,D"]
[Result "1-0"]
[WhiteElo "2610"]
[BlackElo "2543"]

1.d4 d5 2.c4 e6 3.Nf3 Nf6 4.g3 Be7 5.Bg2 O-O 6.O-O dxc4 7.Qc2 a6 8.a4 Bd7
9.Qxc4 Bc6 10.Bg5 Bd5 11.Qc2 Be4 12.Qd1 c5 13.dxc5 Bxc5 14.Qxd8 Rxd8 15.Nbd2 Bc6
16.Nb3 Bb6 17.Ne5 Bxg2 18.Kxg2 h6 19.Bxf6 gxf6 20.Nc4 Bc7 21.Rfd1 Nc6 22.Rxd8+ Rxd8
23.Nc5 b5 24.axb5 axb5 25.Na3 Bb6 26.Nb3 Nd4 27.Nxd4 Rxd4 28.Rc1 Rd2 29.Rc6 Ba5
30.Rc2 Rxc2 31.Nxc2 Bb6 32.Na3 b4 33.Nc4 Bc5 34.e3 f5 35.Kf3 Kg7 36.Ke2 f6
37.Kd3 Kg6 38.Nd2 Kg5 39.h3 e5 40.Kc4 Ba7 41.Nf3+ Kh5 42.b3 f4 43.gxf4 exf4
44.e4 Kg6 45.Kxb4 Kf7 46.Kb5 Bxf2 47.Kc6 Ke7 48.b4 Ke6 49.b5 Ba7 50.Kc7 Bc5
51.b6 Bd6+ 52.Kc8 Bc5 53.b7 Bd6 54.Nd4+ Ke5 55.Nb5  1-0

[Event "8th ch-Euro"]
[Site "Dresden GER"]
[Date "2007.04.11"]
[Round "8"]
[White "Ris,R"]
[Black "Grant,J"]
[Result "1/2-1/2"]
[WhiteElo "2411"]
[BlackElo "2283"]

1.d4 Nf6 2.c4 e6 3.Nf3 d5 4.g3 Be7 5.Bg2 O-O 6.O-O dxc4 7.Qc2 a6 8.Qxc4 b5
9.Qc2 Bb7 10.Bd2 Be4 11.Qc1 Nbd7 12.Ba5 Rc8 13.Nbd2 Ba8 14.Qc2 Nb8 15.Nb3 Be4
16.Qc1 Nc6 17.Bc3 b4 18.Bd2 a5 19.Be3 a4 20.Nbd2 Bd5 21.Rd1 Na5 22.Bh3 Qe8
23.Ne5 Qb5 24.Nd3 Nb7 25.Nf3 c5 26.dxc5 Nxc5 27.Bxc5 Bxc5 28.Nxc5 Rxc5 29.Qe3 Rc4
30.Qd3 Be4 31.Qd6 Rc6 32.Nd4 Rxd6 33.Nxb5 Rxd1+ 34.Rxd1 Bd5 35.Rd4 Rb8 36.Nc7 Bxa2
37.Na6 Rc8 38.Rxb4 Rc1+ 39.Bf1 g5 40.Rxa4 Bc4 41.Kg2 Ne4 42.b3 Bxa6 43.Rxa6 Nd2
44.Rd6 Nxf1 45.b4 Rb1 46.Rd4 Kg7 47.g4 Kf6 48.h3 Ke5 49.Rd3 h6 50.b5 f5 51.b6 Rxb6
52.Kxf1 Rb4 53.f3 f4 54.Rd8 Rb1+ 55.Kf2 Rh1 56.Kg2 Re1 57.Kf2 Rh1 58.Kg2  1/2-1/2

[Event "8th ch-Euro w"]
[Site "Dresden GER"]
[Date "2007.04.11"]
[Round "8"]
[White "Sharevich,A"]
[Black "Paulet,I"]
[Result "1/2-1/2"]
[WhiteElo "2323"]
[BlackElo "2241"]

1.d4 Nf6 2.c4 e6 3.g3 d5 4.Bg2 Be7 5.Nf3 O-O 6.O-O dxc4 7.Qc2 a6 8.a4 Bd7
9.Qxc4 Bc6 10.Bg5 Bd5 11.Qd3 Be4 12.Qe3 Bxf3 13.Bxf3 Nc6 14.Bxc6 bxc6 15.Nc3 Rb8
16.Rab1 Rb3 17.Qd3 c5 18.Qc2 c4 19.Rfd1 Qa8 20.Bxf6 Bxf6 21.Ne4 Rb4 22.Nxf6+ gxf6
23.d5 exd5 24.Rd4 Qc8 25.Rxd5 Qg4 26.f3 Qg6 27.e4 Rfb8 28.Rc5 Rb3 29.Kg2 h5
30.Rxc4 h4 31.Rc3 Rxc3 32.Qxc3 f5 33.Qxc7 h3+ 34.Kh1 Rb3 35.Qc8+ Kg7 36.Qxf5 Qxf5
37.exf5 Kf6 38.Kg1 a5 39.Kf2 Kxf5 40.Ke2 Ke5 41.Kf2 Kf5 42.f4 f6 43.Kf1 Kg4
44.Ke2 Kf5 45.Kd2 Kg4 46.Ke2 Kf5 47.Kd2 Kg4 48.Kc2 Rb4 49.b3 Kf3 50.Rd1 Re4
51.Rd2 f5 52.Kd1 Rb4 53.Rb2 Re4 54.Rd2 Rb4 55.Rb2 Re4 56.Rd2  1/2-1/2

[Event "8th ch-Euro"]
[Site "Dresden GER"]
[Date "2007.04.11"]
[Round "8"]
[White "Iljushin,A"]
[Black "Stefansson,H"]
[Result "1-0"]
[WhiteElo "2501"]
[BlackElo "2576"]

1.d4 Nf6 2.c4 e6 3.g3 d5 4.Bg2 Be7 5.Nf3 O-O 6.O-O dxc4 7.Qc2 a6 8.a4 Bd7
9.Rd1 Bc6 10.Nc3 Bb4 11.Bg5 Bxc3 12.Bxf6 Qxf6 13.Qxc3 a5 14.Qxc4 Nd7 15.Qc2 Qg6
16.Qc3 Qh5 17.h3 Nb6 18.b3 Rfd8 19.Rac1 Qh6 20.h4 Qf6 21.Ng5 Bxg2 22.Kxg2 c6
23.e4 Qe7 24.Qc5 Qxc5 25.dxc5 Nd7 26.Rd6 Nf6 27.e5 Ne8 28.Rxd8 Rxd8 29.Rc4 Rd5
30.Rf4 Rxe5 31.Nxf7 Rxc5 32.Nd8 Nd6 33.Nxe6 Rf5 34.Rd4 Rd5 35.Rxd5 cxd5 36.Kf3 Kf7
37.Ng5+ Kg6 38.Ke3 b5 39.axb5 Nxb5 40.Ne6 Kf6 41.Nc5 Ke5 42.Nb7 Nc3 43.Nxa5 Ne4
44.Ke2 Nc3+ 45.Kd3 Ne4 46.Ke2 d4 47.Kf3 Kd5 48.Nc4 Nc3 49.Nb2 Ne4 50.b4 Nc3
51.h5 Na2 52.b5 Kc5 53.Kf4 Nc3 54.Ke5 Nxb5 55.f4 Nd6 56.Nd3+ Kc4 57.Nf2 Nb7
58.Ke6 Kc3 59.Kf7 Kd2 60.Ng4 Ke2 61.Ne5 Nc5 62.Kxg7 Nd7 63.Nxd7  1-0

[Event "8th ch-Euro"]
[Site "Dresden GER"]
[Date "2007.04.12"]
[Round "9"]
[White "Mchedlishvili,M"]
[Black "Iljin,A"]
[Result "1/2-1/2"]
[WhiteElo "2609"]
[BlackElo "2538"]

1.c4 e6 2.d4 Nf6 3.g3 d5 4.Nf3 Be7 5.Bg2 O-O 6.Qc2 a6 7.Nbd2 dxc4 8.Nxc4 Nc6
9.Bf4 Nxd4 10.Nxd4 Qxd4 11.Bxc7 Bb4+ 12.Kf1 Nd5 13.Be5 Qa7 14.e3  1/2-1/2

[Event "8th ch-Euro"]
[Site "Dresden GER"]
[Date "2007.04.13"]
[Round "10"]
[White "Ris,R"]
[Black "Vaganian,R"]
[Result "0-1"]
[WhiteElo "2411"]
[BlackElo "2590"]

1.d4 e6 2.Nf3 Nf6 3.c4 d5 4.g3 Be7 5.Bg2 O-O 6.O-O c6 7.Qc2 b6 8.Rd1 Bb7
9.b3 Na6 10.Nc3 c5 11.cxd5 exd5 12.Bb2 Qc8 13.Rac1 Rd8 14.Qb1 h5 15.dxc5 bxc5
16.Ne5 d4 17.Bxb7 Qxb7 18.Na4 Rd5 19.Nf3 Re8 20.Ba3 Bf8 21.Qd3 Ne4 22.Rc2 Rf5
23.Rf1 Re6 24.h4 Bd6 25.Nb2 Rg6 26.Nc4 Bxg3 27.fxg3 Qb8 28.e3 Qxg3+ 29.Kh1 Qh3+
30.Rh2 Ng3+ 31.Kg1 Nxf1+ 32.Kf2 Nxh2  0-1

[Event "8th ch-Euro"]
[Site "Dresden GER"]
[Date "2007.04.14"]
[Round "11"]
[White "Bakker,S"]
[Black "Georgiadis,I"]
[Result "1/2-1/2"]
[WhiteElo "2253"]
[BlackElo "2413"]

1.d4 Nf6 2.c4 e6 3.Nf3 d5 4.g3 Be7 5.Bg2 O-O 6.O-O dxc4 7.Qc2 a6 8.Qxc4 b5
9.Qc2 Bb7 10.Bg5 Nbd7 11.Bxf6 Nxf6 12.Nbd2 Rc8 13.Nb3 Be4 14.Qc3 Nd5 15.Qc1 c5  1/2-1/2

[Event "TCh-ITA"]
[Site "Palermo ITA"]
[Date "2007.04.21"]
[Round "4"]
[White "Castaldo,F"]
[Black "Dervishi,E"]
[Result "0-1"]
[WhiteElo "2330"]
[BlackElo "2553"]

1.d4 Nf6 2.c4 e6 3.g3 d5 4.Bg2 Be7 5.Nf3 O-O 6.Qc2 b6 7.O-O Bb7 8.cxd5 exd5
9.Bf4 Na6 10.Nc3 Qd7 11.Rac1 Rfd8 12.Rfd1 h6 13.a3 c5 14.dxc5 Nxc5 15.Nd4 Rac8
16.Qf5 Ne6 17.Nxe6 fxe6 18.Qg6 Kh8 19.Be5 Rf8 20.e3 Bd6 21.Bxd6 Qxd6 22.Nb5 Qd7
23.Nd4 e5 24.Rxc8 Bxc8 25.Ne2 e4 26.Nf4 Qc7 27.Bf1 Qc2 28.Be2 Qxb2 29.g4 Qe5
30.h4 Kg8 31.Nxd5 Nxd5 32.Bc4 Bb7 33.Rd4 Kh8 34.Qxe4 Qxe4 35.Rxe4 a6 36.Rd4 Nc3
37.Rd7 Bc8 38.Rd3 Ne4 39.Rd4 Nxf2 40.Be2 Bb7 41.Rd7 Be4 42.Kh2 b5 43.Rd6 a5
44.Rb6 Nd3 45.Kg3 b4 46.axb4 Nxb4 47.Rb5 Nc6  0-1

[Event "TCh-UKR"]
[Site "Alushta UKR"]
[Date "2007.04.24"]
[Round "4"]
[White "Zubarev,Al1"]
[Black "Golichenko,I"]
[Result "1/2-1/2"]
[WhiteElo "2511"]
[BlackElo "2316"]

1.d4 Nf6 2.c4 e6 3.g3 d5 4.Nf3 Be7 5.Bg2 O-O 6.O-O dxc4 7.Qc2 a6 8.Qxc4 b5
9.Qc2 Bb7 10.Bd2 Nc6 11.e3 Nb4 12.Bxb4 Bxb4 13.Nbd2 Rc8 14.Nb3 Be4 15.Qd1 Qe7
16.Ne5 Bxg2 17.Kxg2 c5 18.a3 c4 19.axb4 cxb3 20.Qxb3 Nd5 21.Nd3 Rc4 22.Kg1 Nxb4
23.Nxb4 Qxb4 24.Qxb4 Rxb4 25.Rfc1 Rxb2 26.Rxa6 g6 27.Ra7 b4 28.Rcc7 Rb3 29.g4 g5
30.Kg2 Kg7 31.Kg3 Rb1 32.Rab7 Kg6 33.h3 b3 34.Kg2 Rb2 35.Rc3 Ra8 36.Rcxb3 Rxb3
37.Rxb3 h5 38.Kf3 Ra2 39.e4 hxg4+ 40.hxg4 Kf6 41.Ke3 Ra1 42.Kd3 Ra4 43.e5+ Kg6
44.f3 Ra1 45.Kc4 Rc1+ 46.Rc3 Rd1 47.Kc5 Rd2 48.Re3 Rd1 49.Ra3 Rc1+ 50.Kd6 Rd1
51.Kc5 Rc1+ 52.Kb4 Rb1+ 53.Kc3 Rf1 54.Kd2 Rf2+ 55.Ke3 Rb2 56.d5 exd5 57.Kd4 Rb5
58.Ra6+ Kg7 59.Ra7 Kg6 60.Rc7 Ra5 61.Rb7 Ra3 62.Rb6+ Kg7 63.Rf6 Ra5 64.Ke3 Ra3+
65.Kf2 d4 66.Rf5 Kg6 67.Rf6+ Kg7 68.Rd6 d3 69.Ke3 d2+ 70.Ke4 Ra4+ 71.Kf5 Rf4+
72.Kxg5 Rxf3 73.Rxd2 Re3 74.Kf5 Rf3+ 75.Ke4 Rf1 76.Kd5 Kg6 77.Rd4 Ra1 78.Rf4 Ra5+
79.Ke4 Ra4+ 80.Kf3 Ra3+ 81.Kf2 Ra5 82.Rf5 Ra3 83.Kg2  1/2-1/2

[Event "9th Open"]
[Site "Dubai UAE"]
[Date "2007.04.25"]
[Round "4"]
[White "Ghaem Maghami,E"]
[Black "Gurieli,N"]
[Result "1-0"]
[WhiteElo "2599"]
[BlackElo "2339"]

1.d4 Nf6 2.c4 e6 3.g3 d5 4.Nf3 Be7 5.Bg2 O-O 6.O-O c5 7.cxd5 exd5 8.Nc3 Nc6
9.dxc5 d4 10.Na4 Bf5 11.Bg5 h6 12.Bxf6 Bxf6 13.Ne1 Re8 14.Nd3 Qd7 15.Re1 Be4
16.b4 Bxd3 17.exd3 Nxb4 18.Qb3 Nc6 19.Nb2 Be7 20.Qb5 Rab8 21.Nc4 Qc7 22.Rab1 Kf8
23.Re2 Rec8 24.a4 a6 25.Qb6 Qd7 26.Bxc6 Qxc6 27.Qxc6 bxc6 28.Nb6 Rb7 29.Rxe7 Rxb6
30.Rxf7+ Kxf7 31.cxb6 Ke6 32.a5 Kd6 33.Kg2 c5 34.Kf3 Rf8+ 35.Ke4 Re8+ 36.Kf3 Kc6
37.b7 Rf8+ 38.Ke2 Re8+ 39.Kd2 Rb8 40.Rb6+ Kc7 41.Kc2 Rxb7 42.Rxb7+ Kxb7 43.Kb3 Kc6
44.Kc4 h5 45.f4 g6 46.h3 Kd6 47.g4 h4 48.f5 gxf5 49.gxf5 Ke5 50.Kxc5 Kxf5
51.Kb6 Kf4 52.Kxa6  1-0

[Event "Chess Classic Open"]
[Site "Gausdal NOR"]
[Date "2007.04.25"]
[Round "8"]
[White "Kvisla,J"]
[Black "Reppen,S"]
[Result "1/2-1/2"]
[WhiteElo "2134"]
[BlackElo "2093"]

1.Nf3 Nf6 2.c4 e6 3.g3 d5 4.Bg2 Be7 5.d4 O-O 6.O-O b6 7.Ne5 Bb7 8.Qc2 Nbd7
9.cxd5 Nxe5 10.dxe5 Nxd5 11.a3 c5 12.Rd1 Qc8 13.Nd2 b5 14.Ne4 Qc7 15.Nd6 Bxd6
16.exd6 Qc6 17.e4 Nb6 18.f4 f6 19.b3 Rad8 20.Be3 c4 21.b4 Na4 22.Bxa7 Rxd6
23.Rxd6 Qxd6 24.Rd1 Qc7 25.Be3 Rd8 26.Rxd8+  1/2-1/2

[Event "Icaro Open"]
[Site "Mexico City MEX"]
[Date "2007.04.27"]
[Round "1"]
[White "Gonzalez Zamora,J"]
[Black "Zavalza,I"]
[Result "1-0"]
[WhiteElo "2537"]
[BlackElo "2185"]

1.d4 d5 2.Nf3 e6 3.c4 Nf6 4.g3 Be7 5.Bg2 O-O 6.O-O c6 7.Nc3 Nbd7 8.Qb3 b6
9.Bf4 Ba6 10.cxd5 exd5 11.Qc2 Nh5 12.Bd2 g6 13.Bh6 Ng7 14.Qa4 Bb7 15.e4 b5
16.Qc2 a6 17.Rad1 Qb6 18.Rfe1 Rfe8 19.h4 Nf6 20.e5 Ng4 21.Bxg7 Kxg7 22.Ne2 Bb4
23.Rf1 Bc8 24.Nf4 Bf5 25.Qc1 h5 26.Bh3 Rac8 27.Nh2 Qa7 28.f3 Nh6 29.Bxf5 Nxf5
30.Nxh5+ Kf8 31.Qf4 Nxd4 32.Kh1 Bc5 33.Nf6 Re6 34.Qh6+ Ke7 35.Qg5 Qb8 36.Ne4+  1-0

[Event "Icaro Open"]
[Site "Mexico City MEX"]
[Date "2007.04.28"]
[Round "3"]
[White "Gonzalez Zamora,J"]
[Black "Escobedo Tinajero,A"]
[Result "1-0"]
[WhiteElo "2537"]
[BlackElo "2390"]

1.d4 d5 2.Nf3 Nf6 3.c4 e6 4.g3 Be7 5.Bg2 O-O 6.O-O dxc4 7.Qc2 a6 8.Qxc4 b5
9.Qc2 Bb7 10.Bf4 Nc6 11.Rd1 Ra7 12.a3 Ba8 13.Nbd2 Nd5 14.Nb3 Nxf4 15.gxf4 Qd5
16.Rac1 Qh5 17.Ne1 Bd6 18.Bxc6 Bxf4 19.e3 Bxh2+ 20.Kf1 Bd6 21.Bxa8 Raxa8
22.Qe4 f5 23.Qf3 Qh6 24.Nd3 g5 25.Ke2 g4 26.Qh1 Qg5 27.Nbc5 Rae8 28.f4 Qg7
29.Ne5 Rf6 30.Qh5 Rd8 31.Rh1 a5 32.Qg5 Bxe5 33.Qxg7+ Kxg7 34.fxe5 Rg6 35.Nd3  1-0

[Event "I Open Casino"]
[Site "Lugano SUI"]
[Date "2007.04.30"]
[Round "3"]
[White "Sulava,N"]
[Black "Herrera,Gu"]
[Result "1-0"]
[WhiteElo "2549"]
[BlackElo "2121"]

1.Nf3 d5 2.d4 Nf6 3.c4 e6 4.g3 Be7 5.Bg2 O-O 6.Qc2 c5 7.dxc5 Bxc5 8.cxd5 Qb6
9.O-O Nxd5 10.a3 Qc7 11.e4 Bb6 12.Qe2 Ne7 13.Bf4 Qc5 14.Nc3 Qh5 15.h3 Nd7
16.Rad1 a6 17.g4 Qa5 18.Nd2 Ng6 19.Bd6 Re8 20.Nc4 Qg5 21.Nxb6 Nxb6 22.f4 Qh4
23.Bc7 Nd7 24.e5 Qe7 25.Kh2 Qc5 26.Bd6 Qb6 27.Ne4 Qb3 28.Rd3 Qb5 29.Qc2 Kh8
30.Rb3 Qa4 31.Qc3 a5 32.Qg3 Kg8 33.Rc3 Nb6 34.f5 Nf8 35.f6 Nd5 36.fxg7 Ng6
37.Rd3 Kxg7 38.h4 Qb5 39.Rdf3 Nh8 40.Ng5 Bd7 41.Rxf7+ Nxf7 42.Rxf7+ Kg8 43.Qf3 Bc6
44.Rg7+  1-0

[Event "I Open Casino"]
[Site "Lugano SUI"]
[Date "2007.05.01"]
[Round "5"]
[White "Patuzzo,F"]
[Black "Maffioli,M"]
[Result "1-0"]
[WhiteElo "2295"]
[BlackElo "1716"]

1.d4 d5 2.c4 e6 3.Nf3 Nf6 4.g3 Be7 5.Bg2 O-O 6.Qc2 Nbd7 7.O-O b6 8.Ne5 Bb7
9.cxd5 Nxe5 10.d6 Bxg2 11.dxe7 Qxe7 12.dxe5 Bxf1 13.exf6 Qd6 14.Kxf1 Qd5
15.Kg1 Rfd8 16.Nc3 Qc6 17.fxg7 Rd5 18.Bh6 Rd7 19.Ne4  1-0

[Event "2nd President's Cup"]
[Site "Baku AZE"]
[Date "2007.05.03"]
[Round "1"]
[White "Huseynova,S"]
[Black "Burmakin,V"]
[Result "0-1"]
[WhiteElo "2132"]
[BlackElo "2593"]

1.d4 Nf6 2.c4 e6 3.g3 d5 4.Nf3 Be7 5.Bg2 c6 6.cxd5 exd5 7.Nc3 O-O 8.O-O Bf5
9.b3 h6 10.Bb2 Nbd7 11.Re1 Re8 12.Nd2 Qb6 13.e3 Nf8 14.Rc1 Ne6 15.Na4 Qc7
16.Nc5 Nxc5 17.dxc5 Bg6 18.Bd4 Qa5 19.a4 Rad8 20.Bc3 Qc7 21.b4 Nd7 22.Nb3 Ne5
23.Bf1 Be4 24.Be2 Bf6 25.Bd4 Qc8 26.Nd2 Bg6 27.Nf3 Qf5 28.Nxe5 Bxe5 29.Bg4 Qf6
30.Qd2 Re7 31.Rcd1 Rde8 32.Qb2 h5 33.Bh3 h4 34.b5 Be4 35.Bg2 Bxg2 36.Kxg2 Qf5
37.f3 Re6 38.g4 h3+ 39.Kf2 Qg5 40.Bxe5 Rxe5 41.Qd4 Qh4+ 42.Kg1 Re4 43.Qd2 Rxa4
44.bxc6 bxc6 45.Qf2 Qe7 46.Rc1 a5 47.Qd2 Rb4 48.Rc2 Qe5 49.Ra2 Reb8 50.Rc1 a4  0-1

[Event "TCh-RUS"]
[Site "Sochi RUS"]
[Date "2007.05.04"]
[Round "3"]
[White "Roiz,M"]
[Black "Rychagov,A"]
[Result "1-0"]
[WhiteElo "2605"]
[BlackElo "2571"]

1.d4 d5 2.c4 e6 3.Nf3 Nf6 4.g3 Be7 5.Bg2 O-O 6.O-O dxc4 7.Qa4 a6 8.Qxc4 b5
9.Qc2 Bb7 10.Bd2 Ra7 11.Rc1 Be4 12.Qb3 Nbd7 13.Ba5 Qb8 14.Qe3 b4 15.Nbd2 Ba8
16.a3 bxa3 17.bxa3 Nd5 18.Qd3 Qb5 19.Nc4 N5f6 20.Be1 Be4 21.Qe3 c5 22.Ncd2 Bd5
23.Rab1 Qc6 24.Nb3 c4 25.Bb4 Bxb4 26.axb4 Rb8 27.Nc5 h6 28.Ne5 Qa8 29.Bf3 Bxf3
30.Qxf3 Nxe5 31.Qxa8 Raxa8 32.dxe5 Nd5 33.Rxc4 Rb5 34.e4 Nb6 35.Rcc1 Rd8
36.Nxa6 Rxe5 37.Nc5 g5 38.f3 Kf8 39.Rd1 Rxd1+ 40.Rxd1 Ke7 41.h3 Ke8 42.Kf2 Ke7
43.Ra1 Nc4 44.Ke2 Nd6 45.Kd3 f6 46.Ra7+ Ke8 47.Rh7 Nf7 48.Kc4  1-0

[Event "TCh-RUS"]
[Site "Sochi RUS"]
[Date "2007.05.09"]
[Round "8"]
[White "Harikrishna,P"]
[Black "Rychagov,A"]
[Result "1/2-1/2"]
[WhiteElo "2650"]
[BlackElo "2571"]

1.d4 d5 2.c4 e6 3.Nf3 Nf6 4.g3 Be7 5.Bg2 O-O 6.O-O dxc4 7.Qc2 a6 8.Qxc4 b5
9.Qc2 Bb7 10.Bd2 Nbd7 11.Ba5 Rc8 12.Nbd2 Nb8 13.a3 Nc6 14.Bc3 b4 15.axb4 Nxb4
16.Bxb4 Bxb4 17.Nb3 c5 18.dxc5 Qe7 19.Nfd4 Bxg2 20.Kxg2 Bxc5 21.Nxc5 Rxc5
22.Qb3 Qd6 23.Rfd1 h6 24.Nf3 Qb8 25.Qxb8 Rxb8 26.Ne1  1/2-1/2

[Event "Mitropa Cup Men"]
[Site "Szeged HUN"]
[Date "2007.05.09"]
[Round "2"]
[White "Loetscher,R"]
[Black "Sakelsek,T"]
[Result "1/2-1/2"]
[WhiteElo "2386"]
[BlackElo "2487"]

1.d4 Nf6 2.c4 e6 3.g3 d5 4.Bg2 Be7 5.Nf3 dxc4 6.O-O O-O 7.Qc2 a6 8.Qxc4 b5
9.Qc2 Bb7 10.Bd2 Be4 11.Qc1 Qc8 12.Bg5 c5 13.Nbd2 Bb7 14.dxc5 Qxc5 15.Qxc5 Bxc5
16.Bxf6 gxf6 17.Rfc1 Bb6 18.Nb3 Nd7 19.Nfd4 Bxg2 20.Kxg2 Rfc8 21.Nc6 Kf8
22.a4 Ne5 23.axb5 axb5 24.Ncd4 Bxd4 25.Rxc8+ Rxc8 26.Nxd4 Rc4  1/2-1/2

[Event "Mitropa Cup Women"]
[Site "Szeged HUN"]
[Date "2007.05.16"]
[Round "9"]
[White "Horvath,Ju"]
[Black "Rozic,V"]
[Result "1/2-1/2"]
[WhiteElo "2277"]
[BlackElo "2246"]

1.d4 d5 2.Nf3 Nf6 3.c4 e6 4.g3 Be7 5.Bg2 O-O 6.O-O c6 7.Nbd2 b6 8.Qc2 Bb7
9.e4 c5 10.e5 Ne8 11.dxc5 bxc5 12.Rd1 Nd7 13.cxd5 exd5 14.Nf1 Nc7 15.h4 f6
16.exf6 Nxf6 17.Bf4 Ne6 18.Bg5 Ne4 19.Bxe7 Qxe7 20.N1d2 Nd6 21.Re1 Qf6 22.Nb3 Ne4
23.Rad1 Rab8 24.Rf1 Bc6 25.Ng5 N6xg5 26.hxg5 Nxg5 27.Qxc5 Kh8 28.Qd4 Nf3+
29.Bxf3 Qxf3 30.Rd3 Qh5 31.Rc3 Rb6 32.Re1 Bb5 33.Rc7 Rg8 34.Qe5 Qxe5 35.Rxe5 Bc4
36.Rxa7 Bxb3 37.axb3 Rxb3 38.Rxd5 Rxb2 39.Rdd7 h6 40.Rab7 Rxb7  1/2-1/2

[Event "25th Liechtenstein Open"]
[Site "Triesen LIE"]
[Date "2007.05.16"]
[Round "6"]
[White "Peng Zhaoqin"]
[Black "Repkova,E"]
[Result "1/2-1/2"]
[WhiteElo "2439"]
[BlackElo "2328"]

1.d4 d5 2.Nf3 e6 3.c4 Nf6 4.g3 Be7 5.Bg2 O-O 6.O-O dxc4 7.Qc2 a6 8.Qxc4 b5
9.Qc2 Bb7 10.Bd2 Nbd7 11.Ba5 Rc8 12.Nbd2 Bd6 13.Rfe1 Qe7 14.e4 e5 15.dxe5 Nxe5
16.Nxe5 Qxe5 17.Bc3 Qh5 18.Bxf6 gxf6 19.Nf3 Rce8 20.Nd4 Bc8 21.Bf3 Qc5 22.Qd2 Qb4
23.Qxb4 Bxb4 24.Red1 Bb7 25.Rac1 Bxe4 26.Rxc7 Ba5 27.Rd7 Bxf3 28.Nxf3 Re2
29.R1d6 Rxb2 30.Rxa6 Bc3 31.Nh4 Re8 32.Nf5 Be1 33.Re7 Bxf2+ 34.Kf1 Kf8 35.Rxe8+ Kxe8
36.Kg2 Bc5+ 37.Kh3 Bg1 38.Kg4 Rxh2 39.Nd6+ Ke7 40.Nxb5 f5+ 41.Kf4 f6 42.Ra3 Bc5
43.Rc3 Rf2+ 44.Rf3 Rxa2 45.Kxf5  1/2-1/2